00716nam a2200229 a 4500001001300000003000900013005001700022008004100039020002300080082001900103100002800122245004800150260003700198300000900235500003500244650001500279700002800294902000800322942000700330952013200337999001700469nice12345678IN_TiNIC20260116014521.0100111s2009 newa grp 000 0 eng  a8124605270 c19000a294.59218bPUL aPuligandla, Ramakrishna aThat Thou Artb The Wisdim of the Upanisads aNew Delhi bDk Printworld c2009 a146p aincludes index and biblioraphy aUpanishads1 aPuligandla, Ramakrishna bSRS cBK 001040708StackRoom-aHMIbHMId2010-01-11g190.00l8o294.59218 PULp023064r2023-10-19s2023-10-13v190.00w2010-01-11yBK c15737d15737